LEADER 02241nas 2200457- 450 001 9910482907503321 005 20240401210119.0 011 $a2667-2766 035 $a(OCoLC)1295946688 035 $a(CKB)5590000000437407 035 $a(CONSER)--2022229067 035 $a(DE-599)ZDB3060984-7 035 $a(EXLCZ)995590000000437407 100 $a20211102a20219999 o-- - 101 0 $aeng 135 $aur||||||||||| 181 $ctxt$2rdacontent 182 $cc$2rdamedia 183 $acr$2rdacarrier 200 00$aExploratory research in clinical and social pharmacy 210 1$a[New York] :$cElsevier Inc.,$d[2021]- 215 $a1 online resource 300 $aRefereed/Peer-reviewed 300 $aRefereed/Peer-reviewed. 330 $a"Exploratory Research in Clinical and Social Pharmacy provides a forum for initial exploratory work in the field of clinical and social pharmacy needed to describe phenomena and relationships among people involved in the medication use process to lay the groundwork for the design of interventions as well as future hypothesis-testing, theory-driven research in the field, applicable anywhere but with special attention devoted to low- and middle-income countries. The scope includes patient attitudes, patient behaviors, prescribing patterns, pharmacy staff/workforce initiatives, medication safety reports, pharmacoepidemiological considerations, and implementation science, which evaluates how initial development considerations of a process or new medication-related service is one that can be sustained over time, sometimes explored through the use of qualitative research methods."--Publisher 531 10$aExplor Res Clin Soc Pharm 606 $aPharmacy$vPeriodicals 606 $aCommunity Pharmacy Services 606 $aSociological Factors 606 $aPharmacy$2fast$3(OCoLC)fst01060285 608 $aPeriodical. 608 $aPeriodicals.$2fast 608 $aPeriodicals.$2lcgft 615 0$aPharmacy 615 12$aCommunity Pharmacy Services. 615 22$aSociological Factors. 615 7$aPharmacy. 906 $aJOURNAL 912 $a9910482907503321 996 $aExploratory Research in Clinical and Social Pharmacy$91886674 997 $aUNINA